KOHA-Header-6

Basic Electronics (Record no. 6322)

000 -LEADER
fixed length control field 00248nam a2200109Ia 4500
100 ## - MAIN ENTRY--AUTHOR NAME
Personal name Bernard Grob
245 #0 - TITLE STATEMENT
Title Basic Electronics
260 ## - PUBLICATION, DISTRIBUTION, ETC. (IMPRINT)
Place of publication India
Name of publisher Pearson
Year of publication 2000
300 ## - PHYSICAL DESCRIPTION
Number of Pages 1010
942 ## - ADDED ENTRY ELEMENTS (KOHA)
Koha item type Books
Holdings
Withdrawn status Lost status Collection code Permanent Location Current Location Shelving location Date acquired Full call number Accession Number Koha item type
    Electrical Engineering MAJU MAJU Shelf No.A25 2019-09-07 621.38 4969 Electrical Engineering

Powered by Koha